| 000 | 00629nam a2200217 a 4500 | ||
|---|---|---|---|
| 005 | 20210219152940.0 | ||
| 008 | 991125n 000 0 u | ||
| 035 | _aUPN01000068283 | ||
| 100 | _aLieber, Joan | ||
| 222 | _aEARLY EDUCATION AND DEVELOPMENT | ||
| 245 | _aA comparison of social pretend play in young children with and without disabilities | ||
| 300 | _a148-161 | ||
| 362 | _a4, No. 3, 1993 | ||
| 505 | _aNoviembre 1993 | ||
| 653 | 0 | _aDESARROLLO SOCIAL | |
| 653 | 0 | _aINCAPACIDAD DE DESARROLLO | |
| 653 | 0 | _aJUEGO SIMULADO | |
| 653 | 0 | _aNI\197OS DE PREESCOLAR | |
| 904 |
_aAC _b006094 |
||
| 905 | _aArticulo | ||
| 999 |
_c64473 _d64473 |
||